|
|
|
|
| LEADER |
00000nam0a2200000 4500 |
| 001 |
159827 |
| 005 |
20231101222137.0 |
| 010 |
|
|
|a 9785774905331
|
| 035 |
|
|
|a (RuTPU)RU\TPU\book\173343
|
| 090 |
|
|
|a 159827
|
| 100 |
|
|
|a 20090515d2009 m y0rusy50 ca
|
| 101 |
0 |
|
|a rus
|
| 102 |
|
|
|a RU
|
| 105 |
|
|
|a a j 001zy
|
| 200 |
1 |
|
|a Инновационный проект: методы отбора и инструменты анализа рисков
|f С. Я. Бабаскин
|g Академия народного хозяйства при Правительстве Российской Федерации (АНХ)
|
| 210 |
|
|
|a Москва
|c Дело
|d 2009
|
| 215 |
|
|
|a 240 с.
|c ил.
|
| 225 |
1 |
|
|a Образовательные инновации
|
| 320 |
|
|
|a Библиография в конце глав.
|
| 330 |
|
|
|a Учебное пособие включает описание методов и инструментов, которые используются в практике инновационной деятельности. Общей целью пособия является формирование у читателей навыков отбора и анализа рисков инновационных проектов. Книга может быть использована при реализации программ подготовки управленческих кадров различного уровня, в чьи функции входит анализ рисков инновационных проектов и отбор их для финансирования.
|
| 606 |
1 |
|
|a Инновации
|2 stltpush
|3 (RuTPU)RU\TPU\subj\67423
|9 83236
|
| 610 |
1 |
|
|a инновационные проекты
|
| 610 |
1 |
|
|a инвестиционные проекты
|
| 610 |
1 |
|
|a портфельные методы
|
| 610 |
1 |
|
|a риски
|
| 610 |
1 |
|
|a риск-анализ
|
| 610 |
1 |
|
|a проектные риски
|
| 610 |
1 |
|
|a планирование эксперимента
|
| 610 |
1 |
|
|a учебные пособия
|
| 686 |
|
|
|a У9(2)0-551я73
|v LBC/SL-A
|2 rubbk
|
| 700 |
|
1 |
|a Бабаскин
|b С. Я.
|g Сергей Яковлевич
|
| 712 |
0 |
2 |
|a Академия народного хозяйства при Правительстве Российской Федерации (АНХ)
|c (Москва)
|2 stltpush
|3 (RuTPU)RU\TPU\col\415
|
| 801 |
|
1 |
|a RU
|b 63413507
|c 20090515
|g PSBO
|
| 801 |
|
2 |
|a RU
|b 63413507
|c 20120918
|g RCR
|
| 942 |
|
|
|c BK
|
| 959 |
|
|
|a 58/20090508
|d 1
|e 327,30
|f ЧЗГЛ:1
|